| 000 | 00398nam a22001457a 4500 | ||
|---|---|---|---|
| 005 | 20251108165205.0 | ||
| 008 | 250721s1964 xx 000 0 ara d | ||
| 082 | 1 | 4 | _a910.4/ب |
| 100 | 1 | _aإبن بطوطه، | |
| 245 | 1 | 0 | _aرحلة إبن بطوطه / |
| 264 | 1 |
_aمصر : _bالمكتبة التجاريه الكبرى، _c1964. |
|
| 650 | 1 | 7 | _aالسفر |
| 942 |
_2ddc _cBK |
||
| 999 |
_c21715 _d21715 |
||